000 03181cam a2200289 4500500
005 20260208001056.0
041 _afre
042 _adc
100 1 0 _aBarbier, Rémi
_eauthor
245 0 0 _aQuand le public prend ses distances avec la participation
260 _c2005.
500 _a62
520 _aRésuméL’idée selon laquelle les profanes sont à même de coproduire des connaissances ésotériques, d’apprivoiser et de coévaluer les projets techniques s’est progressivement répandue. Les controverses liées à l’environnement nous conduisent toutefois à prendre au sérieux deux autres phénomènes : d’une part, le refus de personnes ordinaires de s’engager dans les multiples arènes de participation qui leur sont offertes ; d’autre part, la capacité des mêmes personnes ordinaires à résister de manière radicale, mais « robuste », c’est-à-dire recevable par un autrui quelconque, aux arguments des experts. Ces deux phénomènes ne peuvent être uniquement interprétés comme des retards sur la voie d’une véritable démocratie technique. Ils témoignent de l’exercice d’une compétence de jugement, susceptible de se clore sur un détachement ironique vis-à-vis des mondes du politique et de la science. Nous détaillons deux versants de cette ironie, la lucidité et le désenchantement.
520 _aWhen laypeople are wary of participation. A reflection on ironic detachment towards technical democracyLaypeople’s capacity to co-produce scientific knowledge and to evaluate scientific projects has been progressively acknowledged. Yet environmental controversies have led us to consider two other significant phenomena, i.e., laypeople’s reluctance to take part in participation arenas, and the ability of these very same people to energetically and convincingly take a stand against the arguments of experts. Considering these two phenomena only as a hold-up on the way to true technical democracy would be an error. They highlight the capacity of laypeople to exercise judgement, which could well lead to their adopting an ironic stance towards both politics and science. In this paper we have attempted to explore the two features underpinning this judgment, namely clear-sightedness and disenchantment. We show that ironic judgment can reflect bad experiences shared by others, and may be potentially strengthened by social sciences theories, especially those criticizing political power and science. However, if widespread, irony could lead to a paralysed society. To conclude, we suggest an alternative way of considering science and politics, removed from either respect or sterile irony.
690 _aéquipements collectifs
690 _aessai critique
690 _aFrance
690 _aparticipation du public
690 _asociologie
690 _acritical essay
690 _aFrance
690 _apublic amenities
690 _apublic participation
690 _asociology
786 0 _nNatures Sciences Sociétés | 13 | 3 | 2005-09-01 | p. 258-265 | 1240-1307
856 4 1 _uhttps://stm.cairn.info/revue-natures-sciences-societes-2005-3-page-258?lang=fr&redirect-ssocas=7080
999 _c1644277
_d1644277